000 00243nam a2200109Ia 4500
008 190216s9999||||xx |||||||||||||| ||und||
100 _aBuden Berg
245 0 _aManagement Accounting
260 _bHutchinson
_c1972
300 _a61p
942 _cBK
999 _c4244
_d4244